01049nam a2200277 450000100040000000500170000400600040002100700040002500800060002901000170003502000150005204000190006705000230008608200160010924500850012526001070021030000340031750000390035150001800039050400410057065000280061170000380063970000300067771000380070774000260074500020260223092015.0000000000  a 89193023  a090428283X aUOELcDLCdDLC00aSB169.2b.A87 198500a634.9/522000aAttributes of trees as crop plants /cedited by M.G.R. Cannell and J.E. Jackson. aHuntingdon, England :bInstitute of Terrestrial Ecology, Natural Environment Research Council,cc1985. axvi, 592 p. :bill. ;c24 cm. aSpine title: Trees as crop plants. aProceedings of a conference held at Middleton Hall Conference Centre, Gorebridge, Midlothian, Scotland, July 15-21, 1984 and sponsored by the Institute of Terrestrial Ecology. aIncludes bibliographical references. 0aTree cropsxCongresses.1 aCannell, M. G. R.q(Melvin G. R.)1 aJackson, J. E.q(John E.)2 aInstitute of Terrestrial Ecology.0 aTrees as crop plants.